000 00470nam a2200145Ia 4500
008 220216s9999 xx 000 0 und d
100 _aSusy Varughese
245 0 _aRubber to filler interaction studies - a dynamic mechanical thermal analysis approach
260 _bPlastics, Rubber and Composites Processing and Applications
_c1992
300 _a219-223
650 _aEpoxidised Natural Rubber
650 _aThermal analysis
700 _aTripathy D K
942 _cJS
999 _c68068
_d68068